| 000 | 01282nac a22002891u 4500 | ||
|---|---|---|---|
| 010 | _a 2001033838 | ||
| 020 | _a0199247757 (pbk.) | ||
| 020 | _a0199247749 (hard) | ||
| 082 | 0 | 0 |
_a330.122 _bHAL |
| 090 |
_c6976 _d6976 |
||
| 100 | _aHall, Peter A.[ed.] | ||
| 245 | 0 | 0 |
_aVarieties of capitalism : _bthe institutional foundations of comparative advantage / _cedited by Peter A. Hall and David Soskice. |
| 260 |
_aOxford [England] ; _aNew York : _bOxford University Press,c.2001. _cc.2001. |
||
| 300 |
_axvi, 540 p. : _bill. ; _c24 cm. |
||
| 500 | _aDistributer: Al-Ahram. | ||
| 504 | _aIncludes bibliographical references (p. [474]-520) and index. | ||
| 511 | _aCatalogued By: Mahitab. | ||
| 650 | 0 | _aCapitalism. | |
| 650 | 0 | _aInstitutional economics. | |
| 650 | 0 | _aComparative economics. | |
| 650 | 0 | _aCompetition, International. | |
| 650 | 0 | _aComparative advantage (International trade) | |
| 700 | 1 |
_aSoskice, David W., _d1942- |
|
| 856 | 4 | 1 |
_3Table of contents only _uhttp://www.loc.gov/catdir/enhancements/fy0612/2001033838-t.html |
| 856 | 4 | 1 |
_3Publisher description _uhttp://www.loc.gov/catdir/enhancements/fy0612/2001033838-d.html |
| 942 |
_cBB _k330.122HAL |
||
| 999 |
_c6976 _d6976 |
||